Countries by Average Age #3 - Statistics

General Stats
  • This quiz has been taken 6 times
    4 since last reset
  • The average score is 7 of 15
Answer Stats
Age Country % Correct
16.3 Somalia
75%
16.5 Afghanistan
50%
41.6 Belgium
50%
39.5 Bosnia and Herzegovina
50%
16.6 East Timor/Timor-Leste
50%
24.1 El Salvador
50%
26.3 Grenada
50%
22.6 Guyana
50%
19 Ivory Coast
50%
27.7 Jamaica
50%
37 New Zealand
50%
27.9 Panama
50%
38.7 Serbia
50%
34.6 Mauritius
25%
33.3 Trinidad and Tobago
25%
No matching quizzes found
Score Distribution
Percent of People with Each Score
Percentile by Number Answered
Your Score History
You have not taken this quiz since the last reset